| 000 | 00394nam a2200169Ia 4500 | ||
|---|---|---|---|
| 003 | OSt | ||
| 005 | 20240327093255.0 | ||
| 008 | 230312s9999||||xx |||||||||||||| ||und|| | ||
| 020 | _a978-01703666-18 | ||
| 040 | _bEnglish | ||
| 082 |
_a330 _bSTO-E |
||
| 100 | _aStonecash:robin | ||
| 245 | 0 | _aEcon 1000 principles of macroeconomics | |
| 300 | _a209 | ||
| 650 | _aEconomics | ||
| 942 |
_cBK _2ddc |
||
| 999 |
_c14814 _d14814 |
||